01251nam a2200289Ia 450000500170000000800270001702000180004408200160006210000150007824501140009325000860020730000410029349000280033450501950036252100420055765000350059965000340063465000340066865000260070270000180072870000470074626400450079333600270083833700330086533800280089804000350092620220317000448.0141031s2013ck 000 0 spa d a978958574956604a690.2bB13c10aBailey, H.10aCurso básico de construcción, 1 cH. Bailey, D. W. Hancock ; traducido por Carlos Alberto García Ferrer aEdición especial para El Ministerio de Cultura, Biblioteca Nacional de Colombia a140 páginasbilustracionesc24 cm. aArquitectura y diseño aTrazo y niveleación del terreno -- Excavación y ademado -- Concreto -- Cimetnaciones para muros y pilares -- Ladrillos -- Morteros -- Herramientas del maestro albañil -- Subestructuras aRecomendado para jóvenes y adultos 142LEMBaConstrucciónvManuales142LEMBaAlbañileriavManuales142LEMBaCimentacionesvManuales142LEMBaMurosvManuales10aHancock, D.W.10aGarcía Ferrer, Carlos Albertoetraductor aBogotábLimusabNoriega Editoresc2013 atextobtxt2rdacontent asin mediaciónbn2rdamedia avolumenbnc2rdacarrier aCO-BoRNBPbspaerdacCO-BoRNBP